000
00324nam a2200145Ia 4500
100
_a
Rabaey/Jan M
650
_a
digital integrated circuits
942
_c
BK
366
_f
27
245
_a
Digital integrated circuits
260
_b
prentice hall
_c
2015
082
_a
621.3815
_b
RAB
546
_a
ENGLISH
_c
TTL
999
_c
31837
_d
31837